Statistics for Guess the lyrics (#54)

Click here to take the quiz!

General Stats

  • This quiz has been taken 111 times
  • The average score is 117 of 218

Answer Stats

Answer% Correct
I
99%
The
98%
a
96%
me
91%
me,
91%
You
90%
you
90%
When
87%
when
87%
and
86%
on
84%
to
83%
be
82%
where
82%
my
80%
your
78%
In
75%
in
75%
no
74%
No,
74%
can
73%
is
73%
So
73%
so
73%
that
70%
Don't
68%
don't
68%
for
68%
you're
68%
I'm
66%
can't
62%
know
62%
see
62%
this,
61%
not
60%
will
60%
all
59%
but
51%
Just
51%
won't
51%
face
50%
them
50%
hold
49%
Oh
49%
never
48%
hand
47%
hand?
47%
like
47%
got
43%
wanna
42%
you've
42%
'Cause
41%
'cause
41%
any
40%
gonna
40%
Please
39%
please
39%
need
38%
let
37%
tell
37%
Tell
37%
more,
35%
make
34%
around
32%
alone
30%
own
28%
leave
27%
mind,
27%
arms
26%
put
25%
Put
25%
ready
25%
there's
25%
next
22%
walk
22%
Soul
21%
find
20%
fall
18%
wait,
18%
ok
17%
everything's
16%
feeling
15%
stop
15%
against
13%
running
13%
Trying
13%
Break
12%
break
12%
Darling
12%
darling
12%
understand?
12%
empty
11%
cold
10%
crowded
10%
denying
10%
falling
10%
room
10%
round
10%
space
10%
Standing
10%
bones
9%
release
9%
tide
9%
afraid
8%
melting
8%
moment
8%
pot
8%
rise
8%
rising
8%

Score Distribution

Percentile by Number Answered

Percent of People with Each Score

Your Score History

You have not taken this quiz